| 000 | 00927cam a2200205 4500 | ||
|---|---|---|---|
| 001 | ##WS134753 | ||
| 008 | 060830n 000 0 eng u | ||
| 035 | _a(Sirsi) u134753 | ||
| 041 | 0 | _aeng | |
| 110 | 2 |
_aScottish Environment Protection Agency _93523 |
|
| 245 | 0 | 0 | _aContaminated land website |
| 520 | _aSEPA's website pages on contaminated land. Covers the extent of contaminated land in Scotland, the Environmental Protection Act 1990 Part IIA, planning and contaminated land, remediation activities, links and forms for SEPA/local authority information exchange. | ||
| 590 | _aIKA050906 | ||
| 650 | 2 | 4 | _aCONTAMINATED LAND |
| 650 | 2 | 4 | _aENVIRONMENTAL PROTECTION ACT 1990 PART IIA |
| 651 | 4 |
_aScotland _y1999- |
|
| 690 | _aPROPERTY-RURAL AND NATURAL ASSETS-LAND-CONTAMINATED LAND | ||
| 856 | 4 | 0 |
_uhttps://www.sepa.org.uk/contaminated-land/index.htm _zView the website free of charge at www.sepa.org.uk... |
| 942 | _n0 | ||
| 999 |
_c120509 _d120509 |
||